Language Quiz

Random Language or Latin Quiz
Score 0/80 Timer 05:00
0 Plays Today
% Correct
varies
96.8%
varies
95%
varies
94.8%
a
91.6%
ae
88.8%
ae
87.1%
am
87%
ā
87%
ae
86.6%
ārum
83.9%
ās
83.4%
īs
82.8%
īs
82.4%
us
82%
ī
81.4%
um
80.6%
ō
80%
ī
79.9%
ō
79.7%
ōrum
78.5%
īs
78.1%
īs
77.7%
ōs
77.5%
ī
73%
um
72.8%
um
72.4%
ō
72.1%
ō
72%
a
70.5%
ōrum
70.1%
īs
69.9%
īs
69.7%
a
69.5%
is
67.5%
ī
67.5%
em
66.4%
e
66.2%
ēs
64.2%
ibus
63.1%
ibus
62.8%
% Correct
ēs
62.5%
um
61%
ī
58.1%
is
57.9%
e
57.6%
a
56%
ibus
55.7%
ibus
55.4%
a
54.9%
um
54.4%
us
48.9%
ūs
47.6%
um
46.6%
ū
46.6%
ūs
45.9%
45.6%
ibus
44.2%
ibus
44.1%
ūs
44%
uum
44%
ū
43.2%
ū
42.4%
ū
42.3%
ū
42.2%
ūs
42.2%
ēs
40.5%
ēī/eī
39.8%
ē
39.5%
ēī/eī
39.4%
em
39.4%
ēs
38.9%
ibus
38.4%
ibus
38.1%
uum
37.9%
ua
37.4%
ēs
37.4%
ēbus
37.4%
ēbus
37.1%
ērum
36.9%
ua
36.5%
Remove Ads.
Support Sporcle.
Get the best of Sporcle when you Go Orange. This ad-free experience offers more features, more stats, and more fun while also helping to support Sporcle. Thank you for becoming a member.

You're not logged in!

Compare scores with friends on all Sporcle quizzes.
OR
Log In

Sporcle TV

Today on Sporcle TV


Watch our educational content, quiz creation guides, and fun videos on Sporcle TV.

Show Comments

Extras

Top Quizzes Today


Score Distribution

Paid Content

Your Account Isn't Verified!

In order to create a playlist on Sporcle, you need to verify the email address you used during registration. Go to your Sporcle Settings to finish the process.

Report this User

Report this user for behavior that violates our Community Guidelines.

Details: